Music Quiz

Random Music or Song Quiz

Songs on Crazy Love Quiz Stats

 Plays Quiz not verified by Sporcle

Challenge
Share
Tweet
Embed
Score 0/13 Timer 05:00
0 Plays Today
Track Number Song % Correct
4Crazy Love
93.9%
5Haven't Met You Yet
87.9%
1Cry Me a River
79.5%
7Hold On
65.2%
2All of Me
61.4%
3Georgia on My Mind
60.6%
8Heartache Tonight
52.3%
12Stardust
46.2%
6All I Do Is Dream of You
44.7%
10Baby
43.2%
11At This Moment
39.4%
9You're Nobody Till Somebody Loves You
23.5%
13Wahtever It Takes
1.5%

You're not logged in!

Compare scores with friends on all Sporcle quizzes.
OR
Log In

You Might Also Like...

Show Comments

Extras

Top Quizzes Today


Score Distribution

Your Account Isn't Verified!

In order to create a playlist on Sporcle, you need to verify the email address you used during registration. Go to your Sporcle Settings to finish the process.

Report this User

Report this user for behavior that violates our Community Guidelines.

Details: